MINI-EVM PDP - 11 programmirovanije na jazyke assemblera i organizacija mašiny
Guardado en:
| Autor principal: | |
|---|---|
| Formato: | Libro |
| Lenguaje: | ruso |
| Publicado: |
Moskva
Mir
1984
|
| Colección: | Matematičeskoje obespečenije EVM
|
| Etiquetas: |
Sin Etiquetas, Sea el primero en etiquetar este registro!
|
MARC
| LEADER | 00000nam a2200000 4500 | ||
|---|---|---|---|
| 001 | c107677 | ||
| 005 | 20240912070607.5 | ||
| 041 | 0 | |a rus | |
| 044 | |a RU | ||
| 245 | 1 | 0 | |a MINI-EVM PDP - 11 |b programmirovanije na jazyke assemblera i organizacija mašiny |c Michael Singer ; [Perevod s anglijskogo A.Ju. Kargašina i A.S. Mirkotan] |
| 264 | 1 | |a Moskva |b Mir |c 1984 | |
| 300 | |a 272 s. | ||
| 490 | 1 | |a Matematičeskoje obespečenije EVM | |
| 830 | 0 | |a Matematičeskoje obespečenije EVM | |
| 100 | 1 | |a Singer, Michael | |